000 02267nam0a2200361 4500
001 RU\NLR\BIBL_A\011716867
005 20180627155226.0
010 _a978-5-8333-0735-9
_9500
021 _aRU
_bКН-П-18-031120
_9КН-П-18-2264
035 _a(NLR Aleph) 011716867
035 _a(RuMoRGB)009618234
090 _a11461418
_c11461418
100 _a20180531d2018 k y0rusy50 ca
101 0 _arus
102 _aRU
105 _aa|||z|||010zy
200 1 _aГеоинформационные системы в логистических процессах на пассажирском транспорте: теория и практика
_eмонография
_fА. Е. Кравченко, Е. А. Кравченко, А. В. Осенняя
_gМинистерство образования и науки Российской Федерации, Федеральное государственное бюджетное образовательное учреждение высшего образования "Кубанский государственный технологический университет"
210 _aКраснодар
_cФГБОУ ВО "Кубанский государственный технологический университет"
_d2018
215 _a227 с.
_cил., цв. ил., табл.
_d21
300 _aНа тит. л.: КубГТУ 100 лет
320 _aБиблиогр.: с. 222-227 (85 назв.) и в подстроч. примеч.
606 1 _aАвтомобильные пассажирские перевозки
_xОрганизация
_2nlr_sh1
_2nlr_sh2
_3RU\NLR\AUTH\662251
606 1 _aАвтомобильный транспорт
_xГеоинформационные системы
_2nlr_sh2
_3RU\NLR\AUTH\6601636984
686 1 _aУ37(2)33-814
686 1 _aО37
700 1 _aКравченко
_bА. Е.
_gАлексей Евгеньевич
701 1 _aКравченко
_bЕ. А.
_cд-р техн. наук
_gЕвгений Алексеевич
_3RU\NLR\AUTH\77118965
701 1 _aОсенняя
_bА. В.
_gАнна Витальевна
942 _cBOOK
980 _aNBR
980 _aNB